Maly slownik jezyka polskiego
Guardado en:
| Formato: | Libro |
|---|---|
| Lenguaje: | polaco |
| Publicado: |
Warszawa
Wydawnictwo Naukowe PWN
1999
|
| Edición: | 12. wyd. |
| Materias: | |
| Etiquetas: |
Sin Etiquetas, Sea el primero en etiquetar este registro!
|
MARC
| LEADER | 00000nam a2200000 4500 | ||
|---|---|---|---|
| 001 | c120099 | ||
| 005 | 20240229123152.4 | ||
| 020 | |a 83-01-11737-0 | ||
| 041 | 0 | |a pol | |
| 044 | |a PL | ||
| 245 | 1 | 0 | |a Maly slownik jezyka polskiego |c [redaktor: Elzbieta Sobol] |
| 250 | |a 12. wyd. | ||
| 264 | 1 | |a Warszawa |b Wydawnictwo Naukowe PWN |c 1999 | |
| 300 | |a 1181 s. | ||
| 610 | 2 | 0 | |a jazykoveda |
| 610 | 2 | 0 | |a terminológia |
| 610 | 2 | 0 | |a poľština |